[Event "Baku op-A"]
[Site "Baku"]
[Date "2025.05.02"]
[Round "5"]
[White "Scheglov, Gleb"]
[Black "Ghayourifar, Amir"]
[Result "1/2-1/2"]
[WhiteElo "2318"]
[BlackElo "2261"]
[PlyCount "153"]
[EventDate "2025.04.28"]
[EventType "swiss"]
[EventRounds "9"]
[EventCountry "AZE"]
[SourceTitle "CB19_2025"]
[SourceDate "2025.05.07"]
[SourceVersion "1"]
[SourceVersionDate "2025.05.07"]
[SourceQuality "1"]

1. Nf3 d5 2. c4 e6 3. g3 dxc4 4. Qa4+ Nd7 5. Qxc4 a6 6. Bg2 b5 7. Qc2 Bb7 8. 0-0 c5 9. d3 Ngf6 10. Nc3 Be7 11. a4 Qb6 12. e4 0-0 13. h3 c4 14. axb5 cxd3 15. Qxd3 axb5 16. Be3 Bc5 17. Rxa8 Rxa8 18. e5 Bxe3 19. exf6 Bxf2+ 20. Rxf2 Ra1+ 21. Kh2 gxf6 22. Qd4 b4 23. Ne2 Rb1 24. Nd2 Rxb2 25. Qxb6 Nxb6 26. Nc1 Ba6 27. Kg1 Rc2 28. Ncb3 f5 29. Bf1 Bxf1 30. Kxf1 Nd5 31. Ke2 h5 32. Rf3 Nf6 33. Nd4 Rc3 34. Rxc3 bxc3 35. Nb1 Ne4 36. Kf3 e5 37. Ne2 Ng5+ 38. Kg2 c2 39. Nd2 Ne6 40. h4 f4 41. Nb3 fxg3 42. Nxg3 Nf4+ 43. Kf3 f5 44. Nc1 Ng6 45. Nxf5 Kf7 46. Ke4 Kf6 47. Nb3 Nf4 48. Ne3 Ne2 49. Nxc2 Ng3+ 50. Kd5 Nf5 51. Nd2 Nxh4 52. Ne3 Ng6 53. Ne4+ Kf7 54. Kd6 h4 55. Ng4 h3 56. Ng5+ Kg7 57. Nxh3 e4 58. Ng5 Nh4 59. Ke6 Kg6 60. Nxe4 Nf3 61. Kd5 Kf5 62. Ne3+ Kf4 63. Ng2+ Kg4 64. Kc4 Ng5 65. Nc5 Ne4 66. Nd3 Kf3 67. Nh4+ Kg4 68. Ng6 Kf5 69. Ngf4 Nf2 70. Nd5 Nxd3 71. Ne3+ Ke4 72. Nf1 Kf3 73. Nd2+ Ke3 74. Nf1+ Ke2 75. Ng3+ Kf3 76. Nf1 Ke2 77. Ng3+ 1/2-1/2

[Event "Baku op-A"]
[Site "Baku"]
[Date "2025.04.28"]
[Round "1"]
[White "Manafov, Vugar Gulam"]
[Black "Ghayourifar, Amir"]
[Result "1/2-1/2"]
[WhiteElo "2432"]
[BlackElo "2261"]
[PlyCount "94"]
[EventDate "2025.04.28"]
[EventType "swiss"]
[EventRounds "9"]
[EventCountry "AZE"]
[SourceTitle "CB19_2025"]
[SourceDate "2025.05.07"]
[SourceVersion "1"]
[SourceVersionDate "2025.05.07"]
[SourceQuality "1"]

1. d4 d5 2. c4 e6 3. Nc3 Nf6 4. cxd5 exd5 5. Bg5 Be7 6. e3 0-0 7. Bd3 Re8 8. Nge2 Nbd7 9. 0-0 c6 10. Qc2 Nf8 11. Rae1 Nh5 12. Bxe7 Qxe7 13. Nc1 Nf6 14. f3 Ne6 15. Qf2 c5 16. dxc5 Qxc5 17. Nb3 Qb6 18. Nd4 Nxd4 19. exd4 Bd7 20. Re5 Bc6 21. Bf5 g6 22. Bh3 Rxe5 23. dxe5 Nh5 24. Rd1 Nf4 25. Bg4 h5 26. Qxb6 axb6 27. Rd4 hxg4 28. Rxf4 gxf3 29. gxf3 Re8 30. Kf2 Rxe5 31. Rb4 Rh5 32. Kg3 Rg5+ 33. Kf2 Rh5 34. h4 Kf8 35. Ne2 Ke7 36. Kg3 Kd6 37. a3 b5 38. Nd4 Kc5 39. Nb3+ Kd6 40. Nd4 Kc5 41. Nb3+ Kd6 42. Rf4 g5 43. hxg5 Rxg5+ 44. Kf2 Rh5 45. Kg2 Rg5+ 46. Kf2 Rh5 47. Kg2 Rg5+ 1/2-1/2

[Event "Yerevan op-A 6th"]
[Site "Yerevan"]
[Date "2024.12.06"]
[Round "2"]
[White "Ghayourifar, Amir"]
[Black "Lobanov, Sergei"]
[Result "0-1"]
[WhiteElo "2254"]
[BlackElo "2505"]
[PlyCount "66"]
[EventDate "2024.12.05"]
[EventType "swiss"]
[EventRounds "9"]
[EventCountry "ARM"]
[SourceTitle "CB51_2024"]
[SourceDate "2024.12.18"]
[SourceVersion "1"]
[SourceVersionDate "2024.12.18"]
[SourceQuality "1"]

1. e4 c5 2. Nf3 Nc6 3. Bb5 g6 4. 0-0 Bg7 5. c3 Nf6 6. Re1 0-0 7. d4 cxd4 8. cxd4 a6 9. Bf1 d5 10. e5 Ne4 11. Nc3 Bg4 12. Be3 Qa5 13. Qb3 Bxf3 14. gxf3 Nxc3 15. bxc3 Rab8 16. c4 dxc4 17. Qxc4 e6 18. Rec1 Rfd8 19. Rab1 Bf8 20. Bd3 Rbc8 21. Be4 b5 22. Qc3 b4 23. Qb2 Na7 24. Bg5 Re8 25. Bd2 Nb5 26. Bc6 Red8 27. Bg5 Nxd4 28. Bxd8 Rxd8 29. Be4 Qxe5 30. Rd1 Bc5 31. Rd3 Nxf3+ 32. Kg2 Rxd3 33. Bxd3 Ne1+ 0-1

[Event "Caspian Cup 20th"]
[Site "Rasht"]
[Date "2024.02.08"]
[Round "7"]
[White "Tahmasebi, Hamid Reza"]
[Black "Ghayourifar, Amir"]
[Result "1-0"]
[WhiteElo "2245"]
[BlackElo "2069"]
[PlyCount "87"]
[EventDate "2024.02.03"]
[EventType "swiss"]
[EventRounds "9"]
[EventCountry "IRI"]
[SourceTitle "CBM 218 Extra"]
[Source "ChessBase"]
[SourceDate "2024.03.31"]
[SourceVersion "1"]
[SourceVersionDate "2024.03.31"]
[SourceQuality "1"]

1. e4 e5 2. Nf3 Nc6 3. Nc3 Nf6 4. d4 exd4 5. Nxd4 Bb4 6. Nxc6 bxc6 7. Bd3 d5 8. exd5 0-0 9. 0-0 cxd5 10. Bg5 c6 11. Qf3 Be7 12. h3 Be6 13. Rad1 Nd7 14. Bxe7 Qxe7 15. Rfe1 Qg5 16. Ne2 Rab8 17. b3 Rbe8 18. Nd4 Ne5 19. Qe3 Qxe3 20. Rxe3 Bd7 21. b4 f6 22. Bf1 Rb8 23. a3 Rfc8 24. Nb3 Kf7 25. c4 Bf5 26. Nd4 Bd7 27. Nb3 Bf5 28. cxd5 Bc2 29. Rd2 Bxb3 30. Rxb3 c5 31. f4 Nd7 32. Ba6 Re8 33. Rc3 Rb6 34. Be2 cxb4 35. Rc7 Ke7 36. Bg4 Rd8 37. axb4 Kd6 38. Rxa7 Rxb4 39. Rc2 Rxf4 40. Rc6+ Ke7 41. d6+ Ke8 42. Bxd7+ Rxd7 43. Rc8+ Rd8 44. Re7+ 1-0

[Event "IRI-ch U14"]
[Site "Chess.com INT"]
[Date "2021.01.16"]
[Round "6"]
[White "Miri, Ali"]
[Black "Ghayourifar, Amir"]
[Result "0-1"]
[WhiteElo "1603"]
[BlackElo "1739"]
[PlyCount "64"]
[EventDate "2021.01.16"]
[EventType "swiss"]
[EventRounds "11"]
[EventCountry "IRI"]
[SourceTitle "EXT 2022"]
[Source "ChessBase"]
[SourceDate "2021.10.06"]
[SourceVersion "1"]
[SourceVersionDate "2021.10.06"]
[SourceQuality "1"]

1. e4 e6 2. d4 d5 3. Nd2 dxe4 4. Nxe4 Bd7 5. Bd3 Bc6 6. Nf3 Nd7 7. Qe2 Ngf6 8. Bf4 Be7 9. 0-0-0 Nd5 10. Bg3 Nb4 11. Bc4 Nb6 12. Bb3 a5 13. a3 a4 14. Bc4 Bxe4 15. Qxe4 Nxc4 16. Kb1 Nd5 17. Qd3 Ncb6 18. Ne5 0-0 19. f4 c5 20. dxc5 Bxc5 21. Qb5 Qe7 22. Nd3 Rfc8 23. Rd2 Bxa3 24. Ne5 Bb4 25. Rd4 a3 26. c4 axb2 27. cxd5 Ra1+ 28. Kxb2 Bc3+ 29. Kb3 Qa3+ 30. Kc2 Bxd4+ 31. Kd2 Ra2+ 32. Kd1 Rc1# 0-1